00439nam a2200133Ia 4500008004100000020001800041050002800059100002400087245009800111260003800209300002900247500002000276521000900296140527s9999 xx 000 0 und d a9789712356438 aHF 5549.2.P6b.P39 2010 aPayos, Ranulfo P. aHuman resource management :b[from the practitioner's point of view] /cRanulfo P. Payos. aManila :bRex Book Store,cc2010. a265 p. :bill. ;c26 cm. aIncludes index. aBSBA